Recenzja wydawnicza monografii pt. Nowe trendy w pracy przewodnickiej
Recenzia na publikáciu, ktorá sa zaoberá súčasnými trendmi a novými konceptami cestovného ruchu v Poľsku.
Gespeichert in:
| 1. Verfasser: | |
|---|---|
| Format: | Buchkapitel |
| Sprache: | Polnisch |
| Schlagworte: | |
| Tags: |
Keine Tags, Fügen Sie das erste Tag hinzu!
|
MARC
| LEADER | 00000naa a2200000 4500 | ||
|---|---|---|---|
| 001 | 0291572 | ||
| 005 | 20240502083943.9 | ||
| 041 | 0 | |a pol | |
| 044 | |a PL | ||
| 245 | 1 | 0 | |a Recenzja wydawnicza monografii pt. Nowe trendy w pracy przewodnickiej |c Malgorzata Agnieszka Jarossová |
| 520 | |a Recenzia na publikáciu, ktorá sa zaoberá súčasnými trendmi a novými konceptami cestovného ruchu v Poľsku. | ||
| 610 | 2 | 0 | |a recenzie |
| 610 | 2 | 0 | |a ruch cestovný |
| 610 | 2 | 0 | |a sprievodcovia |
| 610 | 2 | 0 | |a ekoturizmus |
| 610 | 2 | 0 | |a udržateľnosť |
| 610 | 2 | 0 | |a pandémia |
| 610 | 2 | 0 | |a koronavírus |
| 610 | 2 | 0 | |a rekreácia |
| 610 | 2 | 0 | |a Poľsko |
| 100 | 1 | |a Jarossová, Malgorzata Agnieszka, 1978- | |